00462nam a2200193Ia 4500008004100000041001200041082000800053082001100061100001900072100001100091245004100102260001100143260003000154260000900184300001500193365002500208650001700233650001800250150909s9999 xx 000 0 und d aEnglish a551 bKRI/IN aKrishnan M S  eAuthor aIntroduction to the geology of India aMadras bMadras Law Journal office c1951 a182 Pages aRs.7  aPhysiography aStratigraphay